Analýza využitia kompozitných materiálov v civilnom letectve

Zhodnotenie prínosu a využitia kompozitných materiálov v leteckom priemysle v porovnaní s klasickými materiálmi. Použitie metódy analýzy.

Salvato in:
Dettagli Bibliografici
Autore principale: Korba, Peter
Altri autori: Daneshjo, Naqibullah, 1964-, Iľaščíková, Lucia, Antoško, Matej, Kavka, Matej
Natura: Capitolo di libro
Lingua:slovacco
Soggetti:
Tags: Aggiungi Tag
Nessun Tag, puoi essere il primo ad aggiungerne!!

MARC

LEADER 00000naa$a2200000$$$4500
001 0270289
005 20240502074232.2
041 0 |a slo 
044 |a SK 
245 1 0 |a Analýza využitia kompozitných materiálov v civilnom letectve  |c Peter Korba, Naqibullah Daneshjo, Lucia Iľaščíková, Matej Antoško, Matej Kavka 
520 |a Zhodnotenie prínosu a využitia kompozitných materiálov v leteckom priemysle v porovnaní s klasickými materiálmi. Použitie metódy analýzy. 
610 2 0 |a doprava letecká 
610 2 0 |a analýzy 
610 2 0 |a materiál 
610 2 0 |a technológie nové 
100 1 |a Korba, Peter 
700 1 |a Daneshjo, Naqibullah, 1964- 
700 1 |a Iľaščíková, Lucia 
700 1 |a Antoško, Matej 
700 1 |a Kavka, Matej